Manual de ecumenismo: iglesias cristianas y pastoral ecuménica
Αποθηκεύτηκε σε:
| Κύριος συγγραφέας: | |
|---|---|
| Μορφή: | Βιβλίο |
| Γλώσσα: | Ισπανικά |
| Έκδοση: |
Santiago
Paulinas
1989
|
| Έκδοση: | 1a. ed |
| Θέματα: | |
| Ετικέτες: |
Προσθήκη ετικέτας
Δεν υπάρχουν, Καταχωρήστε ετικέτα πρώτοι!
|
MARC
| LEADER | 00000nam a2200000 a 4500 | ||
|---|---|---|---|
| 001 | UCV0854 | ||
| 003 | CL-VaPUC | ||
| 008 | 890601e19890000CL |||||||||||||||||spa|d | ||
| 082 | 0 | 4 | |a 270.82 |b SAM |2 21 |
| 100 | 0 | |a Sampedro Nieto, Francisco |e author |9 295185 | |
| 245 | 1 | 0 | |a Manual de ecumenismo: iglesias cristianas y pastoral ecuménica |
| 250 | |a 1a. ed | ||
| 300 | |a 279 p | ||
| 942 | |c BK | ||
| 945 | |d 19890601 00:00:00 | ||
| 260 | |a Santiago |b Paulinas |c 1989 | ||
| 650 | 0 | |a Ecumenismo |9 255639 | |
| 583 | |a last modification |c 20140410 11:22:40 |k Rodrigo Vera | ||
| 999 | |c 209046 |d 209044 | ||
| 952 | |0 0 |1 0 |4 0 |6 270_820000000000000_SAM_1989 |7 0 |8 A |9 184152 |a BIBTEO |b BIBTEO |d 2019-11-14 |i 2513129 |l 2 |o 270.82 SAM 1989 |p 2513129 |r 2025-01-30 |s 2025-01-02 |w 2019-11-14 |y BK |k ICR | ||
| 952 | |0 0 |1 0 |4 0 |6 270_820000000000000_SAM_1989 |7 0 |8 A |9 184153 |a BIBTEO |b BIBTEO |d 2019-11-14 |i 2513137 |o 270.82 SAM 1989 |p 2513137 |r 2025-01-17 |w 2019-11-14 |y BK |k ICR | ||
| 952 | |0 0 |1 0 |4 0 |6 270_820000000000000_SAM_1989 |7 0 |8 A |9 184154 |a BIBTEO |b BIBTEO |d 2019-11-14 |i 2513145 |o 270.82 SAM 1989 |p 2513145 |r 2025-01-17 |w 2019-11-14 |y BK |k ICR | ||
| 952 | |0 0 |1 0 |4 0 |6 270_820000000000000_SAM_1989 |7 0 |8 A |9 184155 |a BIBTEO |b BIBTEO |d 2019-11-14 |i 2024098 |o 270.82 SAM 1989 |p 2024098 |r 2025-01-17 |w 2019-11-14 |y BK |k ICR | ||
| 952 | |0 0 |1 0 |4 0 |6 270_820000000000000_SAM_1989 |7 0 |8 A |9 184156 |a BIBTEO |b BIBTEO |d 2019-11-14 |i 4069188 |o 270.82 SAM 1989 |p 4069188 |r 2025-01-17 |w 2019-11-14 |y BK |k ICR | ||
| 952 | |0 0 |1 0 |4 0 |6 270_820000000000000_SAM_1989 |7 0 |8 A |9 184157 |a BIBTEO |b BIBTEO |d 2019-11-14 |i 4069196 |l 1 |o 270.82 SAM 1989 |p 4069196 |r 2025-01-17 |s 2023-04-10 |w 2019-11-14 |y BK |k ICR | ||
| 952 | |0 0 |1 0 |4 0 |6 270_820000000000000_SAM_1989 |7 0 |8 A |9 184158 |a BIBTEO |b BIBTEO |d 2019-11-14 |i 406920K |o 270.82 SAM 1989 |p 406920K |r 2025-01-17 |w 2019-11-14 |y BK |k ICR | ||
| 952 | |0 0 |1 0 |4 0 |6 270_820000000000000_SAM_1989 |7 0 |8 A |9 184159 |a BIBTEO |b BIBTEO |d 2019-11-14 |i 4212827 |o 270.82 SAM 1989 |p 4212827 |r 2025-01-17 |w 2019-11-14 |y BK |k ICR | ||